[Event "Pan American Intercollegiate-chT"]
[Site "Seattle"]
[Date "2023.01.07"]
[Round "5"]
[White "Zheng, Andrew"]
[Black "Grabinsky, Aaron"]
[Result "0-1"]
[WhiteElo "2185"]
[BlackElo "2417"]
[PlyCount "120"]
[EventDate "2023.01.05"]
[EventType "team-swiss"]
[EventRounds "6"]
[EventCountry "USA"]
[SourceTitle "CBM 212 Extra"]
[Source "ChessBase"]
[SourceDate "2023.03.31"]
[SourceVersion "1"]
[SourceVersionDate "2023.03.31"]
[SourceQuality "1"]
[WhiteTeam "Maryland Honors Univ II"]
[BlackTeam "Texas Dallas Univ II"]
[WhiteTeamCountry "USA"]
[BlackTeamCountry "USA"]

1. e4 e5 2. Nc3 Nc6 3. Nf3 Nf6 4. a3 d6 5. d4 exd4 6. Nxd4 Be7 7. Bc4 0-0 8. 0-0 a6 9. Re1 Bg4 10. f3 Bd7 11. Be3 Ne5 12. Ba2 b5 13. Qd2 Re8 14. Rad1 Rb8 15. b4 Bf8 16. Bg5 h6 17. Bh4 Ng6 18. Bf2 c6 19. Nf5 Bxf5 20. exf5 Ne5 21. Qd4 Qc8 22. Ne4 Nxe4 23. Rxe4 Qxf5 24. Rde1 Red8 25. Bg3 Ng6 26. c3 Rbc8 27. Bb1 Qd7 28. Rg4 Re8 29. Rd1 Qe6 30. Re4 Qb3 31. Rde1 Rxe4 32. Bxe4 Qc4 33. Qd2 Re8 34. Re3 Qe6 35. Bf2 Qd7 36. Qe1 Rd8 37. Bg3 d5 38. Bc2 c5 39. h4 d4 40. Rd3 Be7 41. h5 Nf8 42. cxd4 cxd4 43. Be5 Ne6 44. Qe4 Qa7 45. Kf1 Bf6 46. Bxf6 gxf6 47. Bb3 Qd7 48. f4 Kf8 49. Qh7 Qd6 50. Qxh6+ Ke7 51. Bxe6 Qxe6 52. Rd1 d3 53. Re1 d2 54. Rxe6+ Kxe6 55. f5+ Ke7 56. Qe3+ Kf8 57. Qh6+ Kg8 58. Kg1 d1Q+ 59. Kh2 Qd6+ 60. g3 Qd2+ 0-1

[Event "Pan American Intercollegiate-chT"]
[Site "Dulles"]
[Date "2022.01.08"]
[Round "5.2"]
[White "Burke, John M"]
[Black "Zheng, Andrew"]
[Result "1-0"]
[WhiteElo "2567"]
[BlackElo "2179"]
[PlyCount "87"]
[EventDate "2022.01.06"]
[EventType "team-swiss"]
[EventRounds "6"]
[EventCountry "USA"]
[SourceTitle "EXT 2023"]
[Source "ChessBase"]
[SourceDate "2022.10.05"]
[SourceVersion "1"]
[SourceVersionDate "2022.10.05"]
[SourceQuality "1"]
[WhiteTeam "Webster Univ II"]
[BlackTeam "Maryland Honors Univ"]
[WhiteTeamCountry "USA"]
[BlackTeamCountry "USA"]

1. e4 e5 2. Nf3 Nc6 3. Bb5 a6 4. Ba4 Nf6 5. d3 b5 6. Bb3 Be7 7. a4 b4 8. a5 d6 9. 0-0 0-0 10. Nbd2 Be6 11. Nc4 h6 12. c3 bxc3 13. bxc3 Rb8 14. Qc2 Qc8 15. Be3 d5 16. Ba4 dxe4 17. Nfxe5 Nxe5 18. Nxe5 exd3 19. Qxd3 Bd6 20. Nc6 Bd5 21. h3 Ra8 22. c4 Be4 23. Qxd6 cxd6 24. Ne7+ Kh8 25. Nxc8 Rfxc8 26. Rfd1 Rxc4 27. Rxd6 Bc2 28. Bc6 Rb8 29. Bf3 Be4 30. Be2 Rc2 31. Bxa6 Nd5 32. Ba7 Ra8 33. Bd4 Nb4 34. Bf1 Kg8 35. a6 Rcc8 36. a7 Nc2 37. Rc1 Re8 38. Bc5 Re5 39. Bb6 Nb4 40. Rc4 Nd5 41. Rd8+ Re8 42. Rxe8+ Rxe8 43. Rxe4 Ra8 44. Bc5 1-0

[Event "Titled Tuesday intern op 26th Oct"]
[Site "Chess.com INT"]
[Date "2021.10.26"]
[Round "2"]
[White "Klyashtorny, Vladislav"]
[Black "Zheng, Andrew"]
[Result "0-1"]
[WhiteElo "2403"]
[BlackElo "2179"]
[PlyCount "118"]
[EventDate "2021.10.26"]
[EventType "swiss (blitz)"]
[EventRounds "11"]
[EventCountry "USA"]
[SourceTitle "CBM 204 Extra"]
[Source "ChessBase"]
[SourceDate "2021.11.30"]
[SourceVersion "1"]
[SourceVersionDate "2021.11.30"]
[SourceQuality "1"]

1. e4 g6 2. d4 Bg7 3. Nf3 d6 4. Nc3 a6 5. h4 Bg4 6. Be2 b5 7. a4 b4 8. Nd5 Nc6 9. Be3 e6 10. Nf4 Nf6 11. Qd3 d5 12. exd5 exd5 13. Ne5 Nxe5 14. dxe5 Bf5 15. exf6 Bxd3 16. fxg7 Rg8 17. Nxd3 Rxg7 18. 0-0-0 a5 19. Bf3 c6 20. Rhe1 Kf8 21. Bh6 Qxh4 22. Bxg7+ Kxg7 23. Kb1 Qf6 24. Nc5 Qd6 25. Nb3 Rb8 26. Rd2 Ra8 27. Rde2 c5 28. Rd1 c4 29. Rxd5 Qf6 30. Nc1 c3 31. b3 Ra7 32. Re4 Re7 33. Rxe7 Qxe7 34. Nd3 Qh4 35. Re5 Qh1+ 36. Re1 Qh4 37. Rd1 Qd4 38. g3 h5 39. Bg2 g5 40. Re1 h4 41. gxh4 gxh4 42. Rh1 Qg4 43. Bd5 Kf6 44. Kc1 Qe2 45. Re1 Qd2+ 46. Kb1 h3 47. Rh1 h2 48. f3 Kg5 49. f4+ Kh4 50. Bc6 Kg3 51. Bb7 Qe3 52. Ba8 f6 53. Bb7 Qb6 54. Bd5 Qg1+ 55. Ka2 Qe3 56. Kb1 Qg1+ 57. Ka2 Qd4 58. Kb1 Qxd5 59. Re1 h1Q 0-1

[Event "Titled Tuesday intern op 26th Oct"]
[Site "Chess.com INT"]
[Date "2021.10.26"]
[Round "10"]
[White "Siva, Mahadevan"]
[Black "Zheng, Andrew"]
[Result "1-0"]
[WhiteElo "2349"]
[BlackElo "2179"]
[PlyCount "37"]
[EventDate "2021.10.26"]
[EventType "swiss (blitz)"]
[EventRounds "11"]
[EventCountry "USA"]
[SourceTitle "CBM 204 Extra"]
[Source "ChessBase"]
[SourceDate "2021.11.30"]
[SourceVersion "1"]
[SourceVersionDate "2021.11.30"]
[SourceQuality "1"]

1. e4 g6 2. d4 Bg7 3. Nc3 c6 4. Nf3 d5 5. h3 dxe4 6. Nxe4 Nf6 7. Nxf6+ Bxf6 8. Bd3 0-0 9. c3 Nd7 10. 0-0 c5 11. Bh6 Re8 12. Re1 cxd4 13. Nxd4 Nc5 14. Bc4 a6 15. Qf3 Nd7 16. Rad1 Qc7 17. Bxf7+ Kxf7 18. Qd5+ e6 19. Nxe6 1-0

[Event "Denker Memorial 26th"]
[Site "Chess.com INT"]
[Date "2020.07.25"]
[Round "3"]
[White "Zheng, Andrew"]
[Black "Hong, Andrew Z"]
[Result "0-1"]
[WhiteElo "2179"]
[BlackElo "2444"]
[PlyCount "82"]
[EventDate "2020.07.25"]
[EventType "swiss"]
[EventRounds "6"]
[EventCountry "USA"]
[SourceTitle "EXT 2021"]
[Source "ChessBase"]
[SourceDate "2020.10.23"]
[SourceVersion "1"]
[SourceVersionDate "2020.10.23"]
[SourceQuality "1"]

1. b3 c5 2. Bb2 Nf6 3. e3 Nc6 4. Nf3 g6 5. Nc3 d6 6. d4 cxd4 7. Nxd4 Bg7 8. Bb5 Bd7 9. 0-0 0-0 10. Nxc6 bxc6 11. Be2 Qa5 12. Bf3 Rab8 13. Ne4 Nxe4 14. Bxg7 Kxg7 15. Bxe4 c5 16. Bf3 Qc3 17. Qd3 Qf6 18. Rfe1 Rb4 19. Qa6 h5 20. a3 Rbb8 21. Qxa7 Be6 22. Rab1 h4 23. e4 Ra8 24. Qxa8 Rxa8 25. e5 Qg5 26. Bxa8 d5 27. Re3 h3 28. Rg3 Qxe5 29. c4 Bf5 30. Re3 Qb8 31. Rbe1 Qxa8 32. cxd5 Qxd5 33. gxh3 Bd7 34. Re5 Qxb3 35. Rxc5 Qxa3 36. Rce5 Qxh3 37. R5e3 Qg4+ 38. Rg3 Qb4 39. Rge3 Bc6 40. Rc1 Qg4+ 41. Rg3 Qe4 0-1

[Event "World op 45th"]
[Site "Philadelphia"]
[Date "2017.07.02"]
[Round "5"]
[White "Zheng, Andrew"]
[Black "Tang, Andrew"]
[Result "0-1"]
[WhiteElo "2252"]
[BlackElo "2461"]
[PlyCount "88"]
[EventDate "2017.06.29"]
[EventType "swiss"]
[EventRounds "9"]
[EventCountry "USA"]
[SourceTitle "CBM 179 Extra"]
[Source "ChessBase"]
[SourceDate "2017.08.23"]
[SourceVersion "1"]
[SourceVersionDate "2017.08.23"]
[SourceQuality "1"]

1. d4 d5 2. c4 e6 3. Nc3 Be7 4. Nf3 Nf6 5. cxd5 exd5 6. Bg5 c6 7. e3 Bf5 8. Bd3 Bxd3 9. Qxd3 Nbd7 10. 0-0 0-0 11. Rab1 a5 12. a3 Ne4 13. Bf4 Nd6 14. Nd2 Nb6 15. f3 Ndc4 16. Nxc4 Nxc4 17. e4 Qd7 18. a4 Rac8 19. Kh1 Bb4 20. b3 Nb6 21. e5 f6 22. exf6 Rxf6 23. Be5 Rff8 24. f4 Qf7 25. Nd1 Nd7 26. Ne3 Rce8 27. Rf3 Nf6 28. Rbf1 Ne4 29. Rh3 Be7 30. Kg1 Bf6 31. Nc4 Bxe5 32. dxe5 Qc7 33. Nd6 Qb6+ 34. Kh1 Rxe5 35. fxe5 Rxf1+ 36. Qxf1 Nf2+ 37. Kg1 Nxh3+ 38. Kh1 Nf2+ 39. Kg1 Ne4+ 40. Kh1 Nxd6 41. exd6 Qd8 42. Qf4 Qf8 43. d7 Qxf4 44. d8Q+ Qf8 0-1

[Event "World op 45th"]
[Site "Philadelphia"]
[Date "2017.07.01"]
[Round "3"]
[White "Zheng, Andrew"]
[Black "Brown, Michael William"]
[Result "1-0"]
[WhiteElo "2252"]
[BlackElo "2489"]
[PlyCount "97"]
[EventDate "2017.06.29"]
[EventType "swiss"]
[EventRounds "9"]
[EventCountry "USA"]
[SourceTitle "CBM 179 Extra"]
[Source "ChessBase"]
[SourceDate "2017.08.23"]
[SourceVersion "1"]
[SourceVersionDate "2017.08.23"]
[SourceQuality "1"]

1. d4 Nf6 2. c4 e6 3. Nf3 d5 4. Nc3 Nbd7 5. Bg5 Bb4 6. cxd5 exd5 7. e3 c5 8. Bd3 Qa5 9. Qc2 c4 10. Bf5 0-0 11. 0-0 Re8 12. Nd2 g6 13. Bxd7 Nxd7 14. Rae1 Bxc3 15. bxc3 Nb6 16. f3 Kg7 17. Bh4 Be6 18. e4 Qa4 19. Qb2 Qc6 20. e5 Nd7 21. f4 Bf5 22. h3 Bd3 23. Rf3 h5 24. Nf1 Kh7 25. Rfe3 Re6 26. Ng3 Ree8 27. f5 gxf5 28. Qf2 Qe6 29. Nxh5 Qh6 30. g4 Kh8 31. Nf6 Nxf6 32. Bxf6+ Kh7 33. g5 Qh5 34. Rf3 Kg6 35. Rf4 Rh8 36. Bxh8 Rxh8 37. h4 Be4 38. Kh2 Kg7 39. Qb2 b6 40. Qa3 Bf3 41. Kg3 Bg4 42. Rh1 Qg6 43. Qxa7 Qe6 44. Rb1 Rxh4 45. Rxb6 Rh3+ 46. Kg2 Qe8 47. g6 Rh8 48. gxf7 Qf8 49. Rb8 1-0

[Event "World op 45th"]
[Site "Philadelphia"]
[Date "2017.07.01"]
[Round "4"]
[White "Zhou, Jianchao"]
[Black "Zheng, Andrew"]
[Result "1-0"]
[WhiteElo "2595"]
[BlackElo "2252"]
[PlyCount "59"]
[EventDate "2017.06.29"]
[EventType "swiss"]
[EventRounds "9"]
[EventCountry "USA"]
[SourceTitle "CBM 179 Extra"]
[Source "ChessBase"]
[SourceDate "2017.08.23"]
[SourceVersion "1"]
[SourceVersionDate "2017.08.23"]
[SourceQuality "1"]

1. d4 Nf6 2. c4 e6 3. Nc3 b6 4. e4 Bb4 5. Bd3 Bb7 6. Qc2 Bxc3+ 7. bxc3 d6 8. f4 c5 9. Nf3 Nbd7 10. a4 Rc8 11. d5 exd5 12. exd5 0-0 13. 0-0 Re8 14. Bd2 h6 15. h3 a6 16. Rab1 b5 17. Bf5 Rb8 18. axb5 axb5 19. Rxb5 Nb6 20. Qa2 g6 21. Bd3 Nfd7 22. Rfb1 Qc7 23. h4 Ra8 24. Qb2 Ra6 25. f5 g5 26. hxg5 Rea8 27. gxh6 Ra2 28. Qc1 Ba6 29. Qe1 Kh8 30. Qe7 1-0

[Event "Windsor NAYCC U18"]
[Site "Windsor"]
[Date "2016.08.10"]
[Round "7.5"]
[White "Sheng, Joshua"]
[Black "Zheng, Andrew"]
[Result "1-0"]
[WhiteElo "2394"]
[BlackElo "2083"]
[PlyCount "87"]
[EventDate "2016.08.07"]
[EventType "swiss"]
[EventRounds "9"]
[EventCountry "CAN"]
[SourceTitle "EXT 2022"]
[Source "ChessBase"]
[SourceDate "2021.10.06"]
[SourceVersion "1"]
[SourceVersionDate "2021.10.06"]
[SourceQuality "1"]

1. d4 e6 2. e4 d5 3. Nd2 Nf6 4. e5 Nfd7 5. Bd3 c5 6. c3 Nc6 7. Ne2 cxd4 8. cxd4 f6 9. exf6 Nxf6 10. 0-0 Bd6 11. Nf3 0-0 12. Bf4 Qc7 13. Bxd6 Qxd6 14. Re1 Bd7 15. Ng3 Rac8 16. Qd2 Qb4 17. Rad1 Qxd2 18. Rxd2 a6 19. Bb1 h6 20. Nh4 Rc7 21. Ng6 Rfc8 22. f3 Kf7 23. Kf2 Ng8 24. h4 Nge7 25. h5 Nd8 26. Ne5+ Kf8 27. Ne2 Bb5 28. Nf4 Rc1 29. Rdd1 Rxd1 30. Rxd1 Ba4 31. b3 Be8 32. Re1 Nec6 33. Nxc6 Rxc6 34. g4 a5 35. Ke3 a4 36. Kd2 axb3 37. axb3 b5 38. Nd3 Rc7 39. Ne5 Ke7 40. Bd3 b4 41. Ra1 Rc3 42. Ra7+ Kf6 43. f4 Rxb3 44. g5+ 1-0

[Event "Windsor NAYCC U18"]
[Site "Windsor"]
[Date "2016.08.10"]
[Round "6.7"]
[White "Zheng, Andrew"]
[Black "Doknjas, John"]
[Result "1/2-1/2"]
[WhiteElo "2083"]
[BlackElo "2200"]
[PlyCount "136"]
[EventDate "2016.08.07"]
[EventType "swiss"]
[EventRounds "9"]
[EventCountry "CAN"]
[SourceTitle "EXT 2022"]
[Source "ChessBase"]
[SourceDate "2021.10.06"]
[SourceVersion "1"]
[SourceVersionDate "2021.10.06"]
[SourceQuality "1"]

1. d4 Nf6 2. c4 c5 3. d5 e6 4. Nc3 exd5 5. cxd5 d6 6. Nf3 g6 7. e4 Bg7 8. Be2 a6 9. a4 0-0 10. 0-0 Bg4 11. Nd2 Bxe2 12. Qxe2 Nbd7 13. f4 Re8 14. Qf3 h5 15. Nc4 Nb6 16. Nxb6 Qxb6 17. a5 Qc7 18. h3 h4 19. Be3 b5 20. axb6 Qxb6 21. Bf2 Nd7 22. e5 dxe5 23. f5 e4 24. Nxe4 Ne5 25. Qf4 Nd3 26. Qxh4 gxf5 27. Ng5 Qg6 28. Nf3 Bxb2 29. Rad1 Re4 30. Qg3 Qxg3 31. Bxg3 Nf4 32. Kh2 Ne2 33. Bf2 Nc3 34. Rd2 Ba3 35. d6 Rd8 36. Ra1 Nb5 37. d7 f6 38. Rd5 Re6 39. Nh4 Re5 40. Rd3 c4 41. Rdxa3 Nxa3 42. Rxa3 Rxd7 43. Nf3 Re2 44. Bd4 Rd6 45. Rc3 Rc6 46. h4 Re4 47. Kh3 Rg4 48. Ra3 Kh7 49. Rc3 Kg6 50. Ra3 Re4 51. Rc3 Re2 52. Be3 Rb2 53. Nd2 Rb4 54. Kg3 a5 55. Kf3 a4 56. Bd4 Kh5 57. Kf4 Rb2 58. Be3 Kxh4 59. Kxf5 Kg3 60. Ne4+ Kxg2 61. Kf4 Ra6 62. Bc1 Re2 63. Nd2 a3 64. Rg3+ Kf2 65. Rf3+ Kg1 66. Rg3+ Kf2 67. Rf3+ Kg2 68. Rg3+ Kf2 1/2-1/2

[Event "Windsor NAYCC U18"]
[Site "Windsor"]
[Date "2016.08.08"]
[Round "2.13"]
[White "Zhang, Yuanchen"]
[Black "Zheng, Andrew"]
[Result "0-1"]
[WhiteElo "2307"]
[BlackElo "2083"]
[PlyCount "76"]
[EventDate "2016.08.07"]
[EventType "swiss"]
[EventRounds "9"]
[EventCountry "CAN"]
[SourceTitle "EXT 2022"]
[Source "ChessBase"]
[SourceDate "2021.10.06"]
[SourceVersion "1"]
[SourceVersionDate "2021.10.06"]
[SourceQuality "1"]

1. e4 c5 2. Nf3 d6 3. d4 cxd4 4. Nxd4 Nf6 5. Nc3 a6 6. h3 e6 7. g4 Be7 8. g5 Nfd7 9. Be3 Nc6 10. h4 0-0 11. Qd2 Nde5 12. Be2 Nxd4 13. Bxd4 b5 14. a3 Bb7 15. f4 Nc4 16. Bxc4 bxc4 17. 0-0-0 Qc7 18. h5 Rad8 19. Kb1 d5 20. g6 fxg6 21. hxg6 h6 22. e5 Bc6 23. Ne2 Rb8 24. Rh3 Rfe8 25. Rdh1 Bf8 26. f5 exf5 27. Qe3 Bd7 28. Nf4 Be6 29. Rxh6 gxh6 30. Nh5 Bg7 31. Nf6+ Kf8 32. Bc5+ Re7 33. Rxh6 Bg8 34. Qf2 Rxb2+ 35. Ka1 Qb7 36. Bxe7+ Kxe7 37. Nxg8+ Ke6 38. Qd4 Rxc2 0-1

[Event "Windsor NAYCC U18"]
[Site "Windsor"]
[Date "2016.08.08"]
[Round "3.9"]
[White "Zheng, Andrew"]
[Black "Chiku Ratte, Olivier Kenta"]
[Result "1-0"]
[WhiteElo "2083"]
[BlackElo "2323"]
[PlyCount "55"]
[EventDate "2016.08.07"]
[EventType "swiss"]
[EventRounds "9"]
[EventCountry "CAN"]
[SourceTitle "EXT 2022"]
[Source "ChessBase"]
[SourceDate "2021.10.06"]
[SourceVersion "1"]
[SourceVersionDate "2021.10.06"]
[SourceQuality "1"]

1. e4 c5 2. Nf3 e6 3. d4 cxd4 4. Nxd4 a6 5. Nc3 Qc7 6. Bd3 Nf6 7. 0-0 Be7 8. Be3 0-0 9. f4 d6 10. Qf3 g6 11. f5 Nc6 12. Nxc6 bxc6 13. Bh6 Qb6+ 14. Kh1 Qxb2 15. Bxf8 Kxf8 16. Ne2 Bd7 17. Rab1 Qxa2 18. fxg6 hxg6 19. Rb7 Rd8 20. e5 dxe5 21. Nc3 Qa3 22. Ne4 Bc8 23. Rb3 Qa5 24. Nxf6 Bxf6 25. Qxf6 Qc7 26. Bxg6 Rd7 27. Bxf7 Rxf7 28. Qh8+ 1-0

[Event "US Open-116"]
[Site "Phoenix"]
[Date "2015.08.06"]
[Round "6"]
[White "Zheng, Andrew"]
[Black "Patel, Advait"]
[Result "1/2-1/2"]
[WhiteElo "2121"]
[BlackElo "2297"]
[PlyCount "64"]
[EventDate "2015.08.01"]
[EventType "swiss"]
[EventRounds "9"]
[EventCountry "USA"]
[SourceTitle "CBM 167 Extra"]
[Source "ChessBase"]
[SourceDate "2015.09.14"]
[SourceVersion "1"]
[SourceVersionDate "2015.09.14"]
[SourceQuality "1"]

1. d4 Nf6 2. c4 g6 3. Nc3 Bg7 4. e4 d6 5. Nf3 0-0 6. Be2 e5 7. 0-0 Nc6 8. d5 Ne7 9. Re1 Ne8 10. Bd2 f5 11. b4 Nf6 12. Ng5 h6 13. Ne6 Bxe6 14. dxe6 fxe4 15. Bg4 c6 16. Nxe4 Nxe4 17. Rxe4 Nf5 18. Qe2 d5 19. cxd5 cxd5 20. Rxe5 Bxe5 21. Qxe5 Qf6 22. Re1 Qxe5 23. Rxe5 Rae8 24. Bf3 Ne7 25. Bxh6 Rf5 26. Re1 Nc6 27. Bd2 Ne5 28. Bd1 Nd3 29. Re3 Nxf2 30. Bc2 Ne4 31. Bxe4 dxe4 32. Rxe4 Rd5 1/2-1/2

[Event "US Masters op"]
[Site "Greensboro"]
[Date "2014.08.31"]
[Round "6"]
[White "Vibbert, Sean"]
[Black "Zheng, Andrew"]
[Result "1-0"]
[WhiteElo "2301"]
[BlackElo "1986"]
[PlyCount "77"]
[EventDate "2014.08.28"]
[EventType "swiss"]
[EventRounds "9"]
[EventCountry "USA"]
[SourceTitle "CBM 162 Extra"]
[Source "ChessBase"]
[SourceDate "2014.10.17"]
[SourceVersion "1"]
[SourceVersionDate "2014.10.17"]
[SourceQuality "1"]

1. e4 e6 2. Nc3 d5 3. d4 Nf6 4. Bg5 Be7 5. e5 Nfd7 6. Bxe7 Qxe7 7. f4 a6 8. Nf3 c5 9. Qd2 Nc6 10. dxc5 Nxc5 11. Bd3 Bd7 12. Ne2 Rc8 13. 0-0 h6 14. Nfd4 0-0 15. Rae1 Nxd4 16. Nxd4 Bb5 17. Bxb5 axb5 18. Qb4 Ra8 19. b3 Qc7 20. f5 exf5 21. Nxf5 Ne4 22. Ne7+ Kh7 23. Nxd5 Qc5+ 24. Qxc5 Nxc5 25. Nc7 Rad8 26. Nxb5 Rde8 27. Nd6 Re7 28. a4 Ne6 29. Re4 Nc5 30. Rc4 Rxe5 31. Nxf7 Rd5 32. Ng5+ Kg8 33. Rxf8+ Kxf8 34. Rxc5 Rd1+ 35. Kf2 hxg5 36. Ke2 Rh1 37. h3 g4 38. hxg4 Rh6 39. Rc8+ 1-0

[Event "Wch U12"]
[Site "Al Ain"]
[Date "2013.12.26"]
[Round "9"]
[White "Tryggestad, Andreas Garberg"]
[Black "Zheng, Andrew"]
[Result "1-0"]
[WhiteElo "1848"]
[BlackElo "2045"]
[PlyCount "47"]
[EventDate "2013.12.18"]
[EventType "swiss"]
[EventRounds "11"]
[EventCountry "UAE"]
[SourceTitle "CBM 158 Extra"]
[Source "ChessBase"]
[SourceDate "2014.02.28"]
[SourceVersion "1"]
[SourceVersionDate "2014.02.28"]
[SourceQuality "1"]

1. e4 c5 2. c3 Nf6 3. e5 Nd5 4. d4 cxd4 5. Nf3 Nc6 6. cxd4 d6 7. Bc4 Nb6 8. Bb5 d5 9. Nc3 Bg4 10. h3 Bh5 11. e6 Qd6 12. exf7+ Bxf7 13. Ne5 a6 14. Qf3 Bg6 15. Bxc6+ bxc6 16. Bf4 Nd7 17. 0-0 Qf6 18. Nxd7 Kxd7 19. Nxd5 cxd5 20. Qxd5+ Ke8 21. Qxa8+ Kf7 22. Be5 Qb6 23. Qf3+ Kg8 24. Qb3+ 1-0

[Event "Wch U12"]
[Site "Al Ain"]
[Date "2013.12.19"]
[Round "2"]
[White "Zheng, Andrew"]
[Black "Jaramillo Arce, David"]
[Result "1-0"]
[WhiteElo "2045"]
[BlackElo "1527"]
[PlyCount "85"]
[EventDate "2013.12.18"]
[EventType "swiss"]
[EventRounds "11"]
[EventCountry "UAE"]
[SourceTitle "CBM 158 Extra"]
[Source "ChessBase"]
[SourceDate "2014.02.28"]
[SourceVersion "1"]
[SourceVersionDate "2014.02.28"]
[SourceQuality "1"]

1. e4 c5 2. Nf3 d6 3. d4 cxd4 4. Nxd4 Nf6 5. Nc3 a6 6. Bc4 e6 7. Bb3 Be7 8. 0-0 0-0 9. Qf3 Nbd7 10. Qg3 Ne5 11. f4 Qb6 12. Be3 Neg4 13. Nf5 Qc7 14. Nxe7+ Qxe7 15. e5 dxe5 16. fxe5 Nd5 17. Bxd5 exd5 18. Nxd5 Qxe5 19. Qxe5 Nxe5 20. Nc7 Rb8 21. Ba7 Bd7 22. Bxb8 Rxb8 23. Rfe1 f6 24. Nd5 Kf7 25. Rad1 Bg4 26. Rd2 Rd8 27. b3 b5 28. h3 Bh5 29. Kf2 Bg6 30. Red1 Rc8 31. Ne3 Be4 32. Re2 f5 33. Nxf5 Bxf5 34. Rxe5 Rxc2+ 35. Re2 Rc6 36. Red2 Ke7 37. g4 Be6 38. Re1 Kf6 39. Re3 Bf7 40. Kg3 Bg6 41. Rf2+ Kg5 42. h4+ Kh6 43. Rfe2 1-0

[Event "Arlington DC op 1st"]
[Site "Arlington"]
[Date "2013.06.30"]
[Round "7"]
[White "Beckman, Thomas J"]
[Black "Zheng, Andrew"]
[Result "1/2-1/2"]
[WhiteElo "1977"]
[BlackElo "2088"]
[PlyCount "43"]
[EventDate "2013.06.27"]
[EventType "swiss"]
[EventRounds "9"]
[EventCountry "USA"]
[SourceTitle "CBM 155 Extra"]
[Source "ChessBase"]
[SourceDate "2013.08.26"]
[SourceVersion "1"]
[SourceVersionDate "2013.08.26"]
[SourceQuality "1"]

1. d4 Nf6 2. c4 g6 3. Nc3 d5 4. Nf3 Bg7 5. Qb3 dxc4 6. Qxc4 c6 7. e4 0-0 8. Be2 Nbd7 9. Be3 Nb6 10. Qd3 Be6 11. Nd2 Ng4 12. Bxg4 Bxg4 13. f3 e5 14. d5 Bc8 15. Nc4 Nxd5 16. Rd1 b5 17. exd5 bxc4 18. Qxc4 cxd5 19. Qxd5 Be6 20. Qxd8 Rfxd8 21. b3 a6 22. Ke2 1/2-1/2

[Event "Arlington DC op 1st"]
[Site "Arlington"]
[Date "2013.06.28"]
[Round "4"]
[White "Sinha, Sahil"]
[Black "Zheng, Andrew"]
[Result "1-0"]
[WhiteElo "1898"]
[BlackElo "2088"]
[PlyCount "41"]
[EventDate "2013.06.27"]
[EventType "swiss"]
[EventRounds "9"]
[EventCountry "USA"]
[SourceTitle "CBM 155 Extra"]
[Source "ChessBase"]
[SourceDate "2013.08.26"]
[SourceVersion "1"]
[SourceVersionDate "2013.08.26"]
[SourceQuality "1"]

1. d4 Nf6 2. c4 g6 3. Nc3 d5 4. cxd5 Nxd5 5. e4 Nxc3 6. bxc3 Bg7 7. Bc4 c5 8. Ne2 Nc6 9. Be3 0-0 10. 0-0 Bg4 11. f3 Na5 12. Bd3 cxd4 13. cxd4 Be6 14. d5 Bxa1 15. Qxa1 f6 16. Bh6 Re8 17. Kh1 a6 18. Nf4 Bf7 19. e5 Bxd5 20. Rd1 e6 21. Be4 1-0